[Event "44th Chess Olympiad Open 2022"]
[Site "Chennai"]
[Date "2022.08.01"]
[Round "4.46"]
[White "Lim, Zhuo Ren"]
[Black "Rakotomaharo, Fy Antenaina"]
[Result "0-1"]
[WhiteElo "2318"]
[BlackElo "2490"]
[Annotator "TA"]
[PlyCount "94"]
[EventDate "2022.07.29"]
[EventType "team-tourn"]
[EventCountry "IND"]
[SourceTitle "playchess.com"]
[Source "ChessBase"]
[SourceQuality "1"]
[WhiteTeam "Malaysia"]
[BlackTeam "Madagascar"]
[WhiteTeamCountry "MAS"]
[BlackTeamCountry "MAD"]

1. d4 Nf6 2. c4 e6 3. Nf3 d5 4. g3 Be7 5. Bg2 O-O 6. O-O a5 7. Qc2 Nc6 8. a3
dxc4 9. Qxc4 a4 10. Bg5 Bd7 11. Nbd2 Na5 12. Qc2 c5 13. dxc5 Rc8 14. Bxf6 gxf6
15. Rac1 Rxc5 16. Qd3 Bc6 17. Qe3 Qd5 18. Ne1 Qe5 19. Nd3 Qxe3 20. fxe3 Rb5 21.
Bxc6 Nxc6 22. Ne4 f5 23. Nec5 Ne5 24. Nxa4 Bg5 25. Nf4 Ng4 26. Rc5 Rb3 27. Rf3
b5 28. h3 bxa4 29. hxg4 Be7 30. Ra5 fxg4 31. Rf1 Rxe3 32. Kf2 Re4 33. Rc1 Rb8
34. Nd3 Bd8 35. Ra6 Bb6+ 36. Kf1 Be3 37. Rcc6 Rb5 38. Rc8+ Kg7 39. Rca8 Rf5+
40. Ke1 Rh5 41. Kf1 Bd4 42. Nf4 Rh2 43. Rxa4 e5 44. Re8 exf4 45. Rxe4 Rh1+ 46.
Kg2 Rg1+ 47. Kh2 fxg3# 0-1

[Event "44th Chess Olympiad Open 2022"]
[Site "Chennai"]
[Date "2022.08.01"]
[Round "4.46"]
[White "Andrianiaina, Heritiana"]
[Black "Wong, Yinn Long"]
[Result "1-0"]
[WhiteElo "2095"]
[BlackElo "2381"]
[Annotator "TA"]
[PlyCount "189"]
[EventDate "2022.07.29"]
[EventType "team-tourn"]
[EventCountry "IND"]
[SourceTitle "playchess.com"]
[Source "ChessBase"]
[SourceQuality "1"]
[WhiteTeam "Madagascar"]
[BlackTeam "Malaysia"]
[WhiteTeamCountry "MAD"]
[BlackTeamCountry "MAS"]

1. d4 Nf6 2. c4 e6 3. Nc3 Bb4 4. Qc2 O-O 5. a3 Bxc3+ 6. Qxc3 d6 7. Nf3 Re8 8.
b4 a5 9. Bb2 axb4 10. axb4 Rxa1+ 11. Bxa1 e5 12. dxe5 dxe5 13. e3 c5 14. Be2
cxb4 15. Qxb4 Nc6 16. Qd2 Qe7 17. O-O Bg4 18. h3 Bh5 19. Rb1 Rd8 20. Qe1 Ne4
21. Nxe5 Nxe5 22. Bxh5 Nd3 23. Qa5 Rf8 24. Qd5 Qh4 25. g3 Nxg3 26. fxg3 Qxg3+
27. Qg2 Qxe3+ 28. Kh1 Qh6 29. Rg1 g6 30. Qg5 Qxg5 31. Rxg5 Ra8 32. Bd4 Ra4 33.
Rd5 f5 34. Bd1 Ra2 35. Be3 Nf2+ 36. Bxf2 Rxf2 37. Kg1 Rb2 38. Rd7 b6 39. Bf3 g5
40. Rd5 g4 41. hxg4 fxg4 42. Bxg4 Rb1+ 43. Kf2 Rh1 44. Rg5+ Kf8 45. Rh5 Rc1 46.
Be6 Ke7 47. Bg8 Kd6 48. Ke3 Kc6 49. Bd5+ Kc5 50. Bf7+ Kc6 51. Rxh7 Re1+ 52. Kd4
Rd1+ 53. Kc3 Rc1+ 54. Kd2 Rg1 55. Rh6+ Kc5 56. Rh5+ Kd6 57. Kc3 Rc1+ 58. Kb2
Rg1 59. Be8 Rg3 60. Ba4 Kc7 61. Bb3 Kc6 62. Ka3 Rg1 63. Kb4 Rb1 64. Rh6+ Kb7
65. Ka4 Rb2 66. Rf6 Kc7 67. Kb4 Rb1 68. Kc3 Rg1 69. Bc2 Rc1 70. Kd2 Ra1 71. Be4
Ra3 72. Rc6+ Kb7 73. Rf6+ Kc7 74. Bd3 Kb7 75. Ke3 Ra1 76. Be4+ Kc7 77. Kd4 Rd1+
78. Ke5 Re1 79. Rf7+ Kc8 80. Kd5 Rc1 81. Bf5+ Kb8 82. Be6 Re1 83. Re7 Ka8 84.
Kc6 Rb1 85. Rb7 Re1 86. Bd5 Rg1 87. Rxb6 Rg6+ 88. Kc7+ Ka7 89. Rb1 Rg7+ 90. Kc6
Ka8 91. Ra1+ Kb8 92. c5 Rc7+ 93. Kb5 Rc8 94. Ra8+ Kc7 95. Rxc8+ 1-0

[Event "44th Chess Olympiad Open 2022"]
[Site "Chennai"]
[Date "2022.08.01"]
[Round "4.47"]
[White "Arias, Lemnys A."]
[Black "Myat Thiri Aung Kyaw"]
[Result "1-0"]
[WhiteElo "2258"]
[BlackElo "2120"]
[Annotator "TA"]
[PlyCount "164"]
[EventDate "2022.07.29"]
[EventType "team-tourn"]
[EventCountry "IND"]
[SourceTitle "playchess.com"]
[Source "ChessBase"]
[SourceQuality "1"]
[WhiteTeam "El Salvador"]
[BlackTeam "Myanmar"]
[WhiteTeamCountry "ESA"]
[BlackTeamCountry "MYA"]

1. d4 Nf6 2. c4 e6 3. Nc3 Bb4 4. Qc2 Nc6 5. Nf3 Qe7 6. a3 Bxc3+ 7. Qxc3 h6 8.
b4 a6 9. g3 d5 10. Bb2 O-O 11. Bg2 Bd7 12. O-O Rfd8 13. Rfd1 Be8 14. Rac1 Ne4
15. Qc2 Rac8 16. Nd2 Nxd2 17. Rxd2 Qf6 18. e4 Ne7 19. Re1 c6 20. Rde2 b5 21. c5
Qg6 22. f3 Kh8 23. Qc1 Ng8 24. Bc3 Nf6 25. e5 Ng8 26. Re3 Bd7 27. Bf1 Rf8 28.
Bd3 f5 29. exf6 Qxf6 30. Qd2 Ne7 31. Bc2 Rf7 32. Qd3 g5 33. Rf1 Nf5 34. Re5 Rg8
35. Bd2 Rfg7 36. Kf2 Be8 37. Rfe1 Bf7 38. R1e2 Re8 39. Bc3 Bg6 40. Qd2 Rf7 41.
Ke1 Ng7 42. Rf2 Ref8 43. f4 Kh7 44. Bb2 Bxc2 45. Qxc2+ Qg6 46. Bc1 Rf5 47. Ree2
g4 48. Qd3 Nh5 49. a4 Nf6 50. Rg2 Ne4 51. Ra2 R5f7 52. axb5 axb5 53. Ra6 Rc8
54. Rga2 Kg7 55. Ra7 h5 56. Qe3 Qf5 57. Rxf7+ Kxf7 58. Qa3 Nf6 59. Qe3 Rc7 60.
Qe5 Re7 61. Qxf5 exf5+ 62. Kf1 Re4 63. Ra7+ Ke6 64. Rc7 Rxd4 65. Rxc6+ Ke7 66.
Rxf6 Rd1+ 67. Ke2 Rxc1 68. Rxf5 Rc2+ 69. Ke3 Rxh2 70. Kd4 Rd2+ 71. Ke5 Rd3 72.
Rxh5 d4 73. Rh7+ Kd8 74. c6 Rxg3 75. Kd6 Rh3 76. Rg7 Rh6+ 77. Kc5 d3 78. Rd7+
Kc8 79. Rxd3 Rf6 80. Rd5 Kc7 81. Rd7+ Kc8 82. Rg7 Rxf4 1-0

[Event "44th Chess Olympiad Open 2022"]
[Site "Chennai"]
[Date "2022.08.01"]
[Round "4.48"]
[White "Gemy, Jose Daniel"]
[Black "Hasford, John Kojo"]
[Result "1-0"]
[WhiteElo "2373"]
[BlackElo "1976"]
[Annotator "TA"]
[PlyCount "87"]
[EventDate "2022.07.29"]
[EventType "team-tourn"]
[EventCountry "IND"]
[SourceTitle "playchess.com"]
[Source "ChessBase"]
[SourceQuality "1"]
[WhiteTeam "Bolivia"]
[BlackTeam "Ghana"]
[WhiteTeamCountry "BOL"]
[BlackTeamCountry "GHA"]

1. e4 d6 2. d4 g6 3. Be3 Bg7 4. Nc3 Nf6 5. f3 Nc6 6. Nge2 e5 7. Qd2 O-O 8. d5
Ne7 9. O-O-O a6 10. Bh6 b5 11. h4 Kh8 12. h5 Bxh6 13. Qxh6 Neg8 14. Qd2 b4 15.
Nb1 Nxh5 16. g4 Nf4 17. Nxf4 exf4 18. Qh2 h6 19. Qxf4 Qf6 20. Qxf6+ Nxf6 21.
Rxh6+ Kg7 22. Rh1 Bd7 23. c4 a5 24. c5 dxc5 25. Nd2 c6 26. d6 a4 27. e5 Nd5 28.
Ne4 Be6 29. Rd2 Rh8 30. Rdh2 Rxh2 31. Rxh2 a3 32. Bc4 axb2+ 33. Kxb2 Nf4 34.
Bxe6 Nxe6 35. Rc2 Ra3 36. Nxc5 Nd8 37. Nb3 g5 38. Rc4 Ra4 39. Nc5 Ra5 40. Rc2
Ra3 41. Nb3 Kg6 42. Rc4 Ra4 43. Nd4 Ra5 44. Nxc6 1-0

[Event "44th Chess Olympiad Open 2022"]
[Site "Chennai"]
[Date "2022.08.01"]
[Round "4.49"]
[White "Beukes, Dante M"]
[Black "Al-Zendani, Zendan"]
[Result "1/2-1/2"]
[WhiteElo "2234"]
[BlackElo "2284"]
[Annotator "TA"]
[PlyCount "108"]
[EventDate "2022.07.29"]
[EventType "team-tourn"]
[EventCountry "IND"]
[SourceTitle "playchess.com"]
[Source "ChessBase"]
[SourceQuality "1"]
[WhiteTeam "Namibia"]
[BlackTeam "Yemen"]
[WhiteTeamCountry "NAM"]
[BlackTeamCountry "YEM"]

1. e4 d5 2. exd5 Nf6 3. Bb5+ Bd7 4. Bc4 Bg4 5. f3 Bc8 6. Nc3 Nbd7 7. d4 Nb6 8.
Bb3 Nbxd5 9. Nxd5 Nxd5 10. Qd3 e6 11. Bd2 Be7 12. O-O-O a5 13. c3 a4 14. Bc2 a3
15. b3 Bg5 16. Ne2 Bxd2+ 17. Qxd2 b5 18. Rhe1 O-O 19. Nf4 c6 20. h4 b4 21. Nxd5
cxd5 22. cxb4 Rb8 23. Kb1 Qd6 24. h5 Qxb4 25. Qd3 f5 26. g4 Bd7 27. Qe3 Rbc8
28. h6 f4 29. Qe5 gxh6 30. Qe2 Qc3 31. Bd3 Rf7 32. Rh1 Kf8 33. Rh2 Ba4 34. Qc2
Qxc2+ 35. Rxc2 Rxc2 36. Kxc2 Be8 37. Kc3 Rb7 38. Re1 Ke7 39. Bxh7 Kf6 40. Bd3
h5 41. Rg1 Rg7 42. b4 hxg4 43. fxg4 f3 44. Rg3 Ke7 45. Rxf3 Rxg4 46. Re3 Kd6
47. Be2 Rh4 48. Ba6 Bd7 49. Rg3 Kc7 50. Bd3 Rh2 51. Kb3 Rh4 52. Kc3 Rh2 53. Kb3
Rh4 54. Kc3 Rh2 1/2-1/2

[Event "44th Chess Olympiad Open 2022"]
[Site "Chennai"]
[Date "2022.08.01"]
[Round "4.51"]
[White "Harper, Ryan"]
[Black "Ortega Amarelle, Mariano"]
[Result "0-1"]
[WhiteElo "2208"]
[BlackElo "2463"]
[Annotator "TA"]
[PlyCount "80"]
[EventDate "2022.07.29"]
[EventType "team-tourn"]
[EventCountry "IND"]
[SourceTitle "playchess.com"]
[Source "ChessBase"]
[SourceQuality "1"]
[WhiteTeam "TTO"]
[BlackTeam "CPV"]

1. e4 c5 2. Nf3 d6 3. d4 cxd4 4. Nxd4 Nf6 5. Nc3 Nc6 6. Bg5 e6 7. Qd2 a6 8.
O-O-O Bd7 9. f4 h6 10. Bh4 g5 11. fxg5 Ng4 12. Nf3 hxg5 13. Bg3 Be7 14. h3 Nge5
15. Nxe5 Nxe5 16. Bd3 b5 17. Ne2 Qb6 18. Rhf1 Bc6 19. Bf2 Qb7 20. Bd4 f6 21.
Ng3 O-O-O 22. Qe2 Rh4 23. Kb1 Kb8 24. Bc3 Rdh8 25. Rde1 Qc7 26. Nh1 d5 27. Nf2
Nxd3 28. cxd3 b4 29. Bd2 dxe4 30. Nxe4 Qd8 31. Ka1 Bd5 32. Kb1 f5 33. Ng3 R4h7
34. Bc1 Bd6 35. Qf2 b3 36. axb3 Bxb3 37. Bxg5 Qa5 38. Bf6 Rc8 39. Bc3 Qa2+ 40.
Kc1 Rxc3+ 0-1

[Event "44th Chess Olympiad Open 2022"]
[Site "Chennai"]
[Date "2022.08.01"]
[Round "4.52"]
[White "Husbands, Orlando"]
[Black "Gong, Daniel Hanwen"]
[Result "0-1"]
[WhiteElo "2353"]
[BlackElo "2296"]
[Annotator "TA"]
[PlyCount "90"]
[EventDate "2022.07.29"]
[EventType "team-tourn"]
[EventCountry "IND"]
[SourceTitle "playchess.com"]
[Source "ChessBase"]
[SourceQuality "1"]
[WhiteTeam "Barbados"]
[BlackTeam "New Zealand"]
[WhiteTeamCountry "BAR"]
[BlackTeamCountry "NZL"]

1. d4 Nf6 2. c4 d6 3. Nf3 g6 4. Nc3 Bf5 5. g3 Ne4 6. Bg2 Nxc3 7. bxc3 Be4 8.
O-O Bg7 9. Bg5 h6 10. Be3 Nd7 11. Qa4 O-O 12. Rfd1 Nb6 13. Qb3 Qe8 14. Nh4 Bxg2
15. Nxg2 Qc6 16. c5 dxc5 17. dxc5 Na4 18. Nf4 Nxc3 19. Rdc1 g5 20. Rxc3 gxf4
21. Bxf4 Bxc3 22. Qxc3 Rfd8 23. Qe3 Rd5 24. Bxh6 Rad8 25. Rf1 Rd1 26. f3 Rxf1+
27. Kxf1 Rd5 28. Kg2 Qe6 29. Qxe6 fxe6 30. Be3 b6 31. c6 Rd6 32. h4 Rxc6 33. h5
Rc2 34. Kf2 c5 35. g4 e5 36. g5 c4 37. g6 c3 38. h6 Rd2 39. f4 Rd6 40. f5 Rf6
41. h7+ Kh8 42. Kg3 Rxf5 43. Kg4 e6 44. Bh6 c2 45. e4 Rf1 0-1

[Event "44th Chess Olympiad Open 2022"]
[Site "Chennai"]
[Date "2022.08.01"]
[Round "4.54"]
[White "Carpenter, Paul A"]
[Black "Makoto, Rodwell"]
[Result "1/2-1/2"]
[WhiteElo "1938"]
[BlackElo "2346"]
[Annotator "TA"]
[PlyCount "87"]
[EventDate "2022.07.29"]
[EventType "team-tourn"]
[EventCountry "IND"]
[SourceTitle "playchess.com"]
[Source "ChessBase"]
[SourceQuality "1"]
[WhiteTeam "Channel Islands"]
[BlackTeam "Zimbabwe"]
[WhiteTeamCountry "JCI"]
[BlackTeamCountry "ZIM"]

1. e4 e5 2. Nf3 Nc6 3. d3 d5 4. h3 f5 5. exd5 Qxd5 6. Nc3 Qd6 7. Bd2 a6 8. g3
Bd7 9. Bg2 O-O-O 10. O-O h6 11. a3 g5 12. b4 Nce7 13. a4 Bg7 14. b5 a5 15. b6
cxb6 16. Rb1 Nf6 17. Nb5 Bxb5 18. Rxb5 Nd7 19. Qb1 Nc6 20. Be3 Nb4 21. Nd2 e4
22. Nc4 Qc6 23. Nxb6+ Nxb6 24. Rc5 Nxa4 25. Rxc6+ bxc6 26. dxe4 f4 27. gxf4
gxf4 28. Bxf4 Nc3 29. Qb3 Ne2+ 30. Kh1 Nxf4 31. Qf7 Nxg2 32. Qxg7 Rhg8 33. Qf6
Rdf8 34. Qe6+ Kc7 35. Qe5+ Kb6 36. Qd4+ Kb5 37. c3 Rf3 38. Qe5+ Ka6 39. Qe6 Rg5
40. cxb4 Nf4 41. Qxc6+ Ka7 42. Qc7+ Ka8 43. Qc8+ Ka7 44. Qc7+ 1/2-1/2

[Event "44th Chess Olympiad Open 2022"]
[Site "Chennai"]
[Date "2022.08.01"]
[Round "4.55"]
[White "Hassan Sidi Mohamed Cheikh"]
[Black "El Jawich, Amro"]
[Result "0-1"]
[WhiteElo "1825"]
[BlackElo "2314"]
[Annotator "TA"]
[PlyCount "96"]
[EventDate "2022.07.29"]
[EventType "team-tourn"]
[EventCountry "IND"]
[SourceTitle "playchess.com"]
[Source "ChessBase"]
[SourceQuality "1"]
[WhiteTeam "MTN"]
[BlackTeam "Lebanon"]
[BlackTeamCountry "LBN"]

1. e4 c5 2. c3 d5 3. exd5 Qxd5 4. d4 Nc6 5. Nf3 Bf5 6. Be3 e6 7. Na3 cxd4 8.
Nb5 O-O-O 9. Nfxd4 Bc5 10. Qa4 a6 11. c4 Qd7 12. Nxf5 axb5 13. Qc2 Bxe3 14.
Nxe3 Nd4 15. Qc3 Nf6 16. f3 Kb8 17. Rd1 b4 18. Qd2 Qc7 19. Qxb4 Qe5 20. Kf2
Qxe3+ 21. Kxe3 Nc2+ 22. Kf2 Nxb4 23. Be2 Rxd1 24. Rxd1 Nxa2 25. g4 h6 26. h4
Kc7 27. f4 Nb4 28. Bf3 Rd8 29. Rxd8 Kxd8 30. g5 Nd7 31. gxh6 gxh6 32. Ke3 b6
33. b3 Nc5 34. Bd1 Ke7 35. Kd4 Nbd3 36. f5 e5+ 37. Kd5 e4 38. Kc6 e3 39. Kxb6
Nxb3 40. c5 Nbxc5 41. Kb5 Nf2 42. Be2 Nce4 43. Kc4 Ng3 44. Kd4 Nxf5+ 45. Ke5
Ng3 46. Kf4 Nxe2+ 47. Kxe3 Kf6 48. Kxf2 Nf4 0-1

[Event "44th Chess Olympiad Open 2022"]
[Site "Chennai"]
[Date "2022.08.01"]
[Round "4.57"]
[White "Eiti, Bashir"]
[Black "Alrehaili, Ahmed Abdullah S"]
[Result "1-0"]
[WhiteElo "2337"]
[BlackElo "1986"]
[Annotator "TA"]
[PlyCount "93"]
[EventDate "2022.07.29"]
[EventType "team-tourn"]
[EventCountry "IND"]
[SourceTitle "playchess.com"]
[Source "ChessBase"]
[SourceQuality "1"]
[WhiteTeam "Syria"]
[BlackTeam "KSA"]
[WhiteTeamCountry "SYR"]

1. Nf3 Nf6 2. g3 b5 3. Bg2 Bb7 4. O-O e6 5. a4 b4 6. d3 Be7 7. e4 O-O 8. Qe2 d6
9. Nbd2 Nbd7 10. a5 a6 11. c3 e5 12. cxb4 d5 13. exd5 Bxb4 14. Nxe5 Re8 15. d4
Bxd5 16. Bxd5 Nxd5 17. Ndf3 Nxe5 18. dxe5 Qc8 19. Qe4 c6 20. Ng5 f5 21. Qh4 h6
22. Nf3 Rb8 23. Rd1 Qe6 24. Qc4 Nc7 25. Qc2 c5 26. Rd6 Qf7 27. Nh4 Nb5 28. Rg6
Nd4 29. Qd3 Re6 30. Rxe6 Qxe6 31. Be3 Qxe5 32. Qxa6 Qd5 33. Bxd4 cxd4 34. Qg6
Rf8 35. a6 d3 36. Nxf5 Rxf5 37. Qxf5 Qxf5 38. a7 Kh7 39. a8=Q Bc5 40. Rf1 d2
41. Kg2 Bd4 42. Qf3 Qc2 43. b4 Qb2 44. Qd3+ g6 45. b5 h5 46. Rd1 Bc3 47. Rb1
1-0

[Event "44th Chess Olympiad Open 2022"]
[Site "Chennai"]
[Date "2022.08.01"]
[Round "4.58"]
[White "Abdirahman Omar Sheikh"]
[Black "Nassr, Ali"]
[Result "1-0"]
[WhiteElo "2051"]
[BlackElo "2263"]
[Annotator "TA"]
[PlyCount "117"]
[EventDate "2022.07.29"]
[EventType "team-tourn"]
[EventCountry "IND"]
[SourceTitle "playchess.com"]
[Source "ChessBase"]
[SourceQuality "1"]
[WhiteTeam "Somalia"]
[BlackTeam "Algeria"]
[WhiteTeamCountry "SOM"]
[BlackTeamCountry "ALG"]

1. d4 d5 2. Nf3 Nf6 3. c4 e6 4. Nc3 Be7 5. Bf4 O-O 6. e3 a6 7. Bd3 dxc4 8. Bxc4
b5 9. Bd3 Bb7 10. O-O Nbd7 11. Qe2 c5 12. dxc5 Nxc5 13. Bc2 b4 14. Na4 Nce4 15.
Rfd1 Qa5 16. Nd2 Nxd2 17. Rxd2 Bc6 18. b3 Bb5 19. Bd3 e5 20. Bg3 e4 21. Bc4
Bxc4 22. Qxc4 Rac8 23. Qe2 Nd5 24. Rc2 Nc3 25. Nxc3 bxc3 26. f3 exf3 27. gxf3
Ba3 28. Rd1 Rfd8 29. Rxd8+ Rxd8 30. Be1 Bb2 31. Kg2 h5 32. h4 Rd6 33. e4 Rg6+
34. Kh3 Qe5 35. Qe3 Qe6+ 36. Kh2 Qd6+ 37. e5 Qd1 38. Qe4 Qd7 39. Qa8+ Kh7 40.
Qe4 f5 41. exf6 gxf6 42. Re2 f5 43. Qc2 Qd6+ 44. Kh3 Qd5 45. Re3 Qb5 46. Rd3
Qe5 47. Bf2 Kh6 48. Re3 Qb5 49. Re1 f4 50. Qe4 Qd7+ 51. Kh2 Qd2 52. Re2 Qd6 53.
Bd4 Bc1 54. Bxc3 Qd8 55. Qe7 Qxe7 56. Rxe7 Rc6 57. Be5 Rc2+ 58. Kh3 Kg6 59. Rc7
1-0

[Event "44th Chess Olympiad Open 2022"]
[Site "Chennai"]
[Date "2022.08.01"]
[Round "4.62"]
[White "Shawabke Ziyad"]
[Black "Michaelides, Konstantinos"]
[Result "0-1"]
[WhiteElo "1786"]
[BlackElo "2300"]
[Annotator "TA"]
[PlyCount "70"]
[EventDate "2022.07.29"]
[EventType "team-tourn"]
[EventCountry "IND"]
[SourceTitle "playchess.com"]
[Source "ChessBase"]
[SourceQuality "1"]
[WhiteTeam "Palestine"]
[BlackTeam "Cyprus"]
[WhiteTeamCountry "PLE"]
[BlackTeamCountry "CYP"]

1. Nf3 Nf6 2. c4 e6 3. Nc3 Bb4 4. g3 Bxc3 5. bxc3 b6 6. Bg2 Bb7 7. O-O d6 8. a4
a5 9. d3 O-O 10. e4 Nbd7 11. h3 Nc5 12. Nd4 Nfd7 13. f4 f5 14. exf5 Bxg2 15.
Kxg2 exf5 16. Qf3 Qf6 17. Bd2 Qf7 18. g4 g6 19. g5 h5 20. Be1 Rfe8 21. Bf2 Nf8
22. h4 Qd7 23. Nb5 Nfe6 24. Rfe1 Nxd3 25. Rxe6 Nxf4+ 26. Qxf4 Rxe6 27. Qd2 Rae8
28. Re1 Qc6+ 29. Kg1 Rxe1+ 30. Bxe1 Qxc4 31. Bf2 Qg4+ 32. Kf1 Qh3+ 33. Kg1 Re4
34. Qd5+ Kf8 35. Bxb6 Qg3+ 0-1

[Event "44th Chess Olympiad Open 2022"]
[Site "Chennai"]
[Date "2022.08.01"]
[Round "4.63"]
[White "Othman, A. Moussa"]
[Black "Paiva, Donaldo"]
[Result "1/2-1/2"]
[WhiteElo "2229"]
[BlackElo "2191"]
[Annotator "TA"]
[PlyCount "205"]
[EventDate "2022.07.29"]
[EventType "team-tourn"]
[EventCountry "IND"]
[SourceTitle "playchess.com"]
[Source "ChessBase"]
[SourceQuality "1"]
[WhiteTeam "United Arab Emirates"]
[BlackTeam "Mozambique"]
[WhiteTeamCountry "UAE"]
[BlackTeamCountry "MOZ"]

1. d4 Nf6 2. c4 e6 3. Nf3 d5 4. Nbd2 Be7 5. g3 O-O 6. Bg2 Nbd7 7. O-O c6 8. b3
b6 9. Bb2 Bb7 10. Rc1 Rc8 11. cxd5 cxd5 12. Rxc8 Qxc8 13. Qb1 Ba6 14. Rc1 Qb7
15. e3 Rc8 16. Rc2 h6 17. Qc1 Rxc2 18. Qxc2 Qc8 19. Qxc8+ Bxc8 20. Bf1 Nb8 21.
Bd3 Ba6 22. Bxa6 Nxa6 23. Ne5 Nb8 24. f3 Bb4 25. Nb1 Nfd7 26. Nd3 Be7 27. Kf2
Nc6 28. Ba3 Kf8 29. Ke2 a6 30. Kd2 Bxa3 31. Nxa3 Ke7 32. Kc3 Kd6 33. b4 Na7 34.
e4 Kc6 35. e5 Nb8 36. Nc2 Kd7 37. a4 Nbc6 38. f4 a5 39. b5 Ne7 40. Ne3 Nf5 41.
Nxf5 exf5 42. Ne1 Nc8 43. Nc2 Ne7 44. Kd3 Ng6 45. Ne3 Ke6 46. Ke2 Ne7 47. Nc2
Ng6 48. Kf3 Ne7 49. h3 h5 50. Ne3 Ng8 51. Ng2 Ne7 52. Ne1 Ng6 53. Ng2 Ne7 54.
Kf2 Ng6 55. Ke3 Ne7 56. Ne1 Ng6 57. Nf3 Ke7 58. Ng1 Ke6 59. Kf3 Ne7 60. Ne2 Ng8
61. Nc3 Ne7 62. Nd1 Ng8 63. Ne3 Nh6 64. Kf2 Ng8 65. Ke2 Nh6 66. Kf2 Ng8 67. g4
hxg4 68. hxg4 Nh6 69. g5 Ng8 70. Kf3 Ne7 71. Nc2 g6 72. Ne1 Nc8 73. Ke3 Ne7 74.
Kd3 Kd7 75. Kc3 Kc7 76. Nd3 Kd7 77. Kb3 Kc7 78. Kc2 Kd7 79. Kd2 Kc7 80. Ke3 Kd7
81. Nb2 Kc7 82. Nd1 Kd7 83. Kd3 Kc7 84. Kc3 Kd7 85. Ne3 Kc7 86. Ng2 Kd7 87. Ne1
Kc7 88. Nd3 Kd7 89. Nc1 Kc7 90. Nb3 Kd7 91. Nc5+ bxc5 92. dxc5 Kc7 93. Kd3 Kb7
94. Kc3 Kc7 95. Kd3 Kb7 96. Kd4 Kc7 97. Kd3 Kb7 98. Ke3 Kc7 99. Kd3 Kb7 100.
Kc3 Kc7 101. Kd3 Kb7 102. Kc3 Kc7 103. Kd3 1/2-1/2

[Event "44th Chess Olympiad Open 2022"]
[Site "Chennai"]
[Date "2022.08.01"]
[Round "4.87"]
[White "Dalliah, Joseph"]
[Black "Escalante Ramirez, Brian Sebasti"]
[Result "1/2-1/2"]
[WhiteElo "1920"]
[BlackElo "2496"]
[Annotator "TA"]
[PlyCount "99"]
[EventDate "2022.07.29"]
[EventType "team-tourn"]
[EventCountry "IND"]
[SourceTitle "playchess.com"]
[Source "ChessBase"]
[SourceQuality "1"]
[WhiteTeam "Gambia"]
[BlackTeam "Peru"]
[WhiteTeamCountry "GAM"]
[BlackTeamCountry "PER"]

1. d4 d5 2. c4 e6 3. Nc3 Nf6 4. Bf4 c6 5. e3 Nbd7 6. Nf3 Be7 7. Be2 O-O 8. O-O
Nh5 9. Bg3 Nxg3 10. fxg3 Bf6 11. c5 e5 12. dxe5 Nxe5 13. Qc2 Ng4 14. Nd1 Re8
15. Bd3 g6 16. Re1 Ne5 17. Nxe5 Rxe5 18. Rb1 Qe7 19. b4 Bg4 20. Qf2 Re8 21. Rf1
Bg5 22. h4 Bh6 23. Kh2 Bxe3 24. Nxe3 Rxe3 25. Rb3 Be2 26. Bxe2 Rxe2 27. Qf3
Rxa2 28. b5 Re2 29. bxc6 bxc6 30. Rfb1 Re3 31. Qf4 Rxb3 32. Rxb3 Qxc5 33. Rb7
Rf8 34. Qa4 d4 35. Rxa7 d3 36. Rd7 Qb5 37. Qd1 Rc8 38. Rxd3 h5 39. Rd7 Qf5 40.
Rd4 c5 41. Rc4 Qe6 42. Qc1 Qd5 43. Qc2 Rc6 44. Qc3 f6 45. Qc2 Kg7 46. Qa4 g5
47. hxg5 fxg5 48. Qa7+ Kg6 49. Qa4 Re6 50. Qc2+ 1/2-1/2

[Event "44th Chess Olympiad Open 2022"]
[Site "Chennai"]
[Date "2022.08.02"]
[Round "5.1"]
[White "Harikrishna, Pentala"]
[Black "Deac, Bogdan-Daniel"]
[Result "1/2-1/2"]
[WhiteElo "2720"]
[BlackElo "2692"]
[Annotator "TA"]
[PlyCount "61"]
[EventDate "2022.07.29"]
[EventType "team-tourn"]
[EventCountry "IND"]
[SourceTitle "playchess.com"]
[Source "ChessBase"]
[SourceQuality "1"]
[WhiteTeam "India"]
[BlackTeam "Romania"]
[WhiteTeamCountry "IND"]
[BlackTeamCountry "ROU"]

1. d4 Nf6 2. c4 e6 3. Nf3 d5 4. Nc3 Nbd7 5. Bg5 h6 6. Bh4 Be7 7. e3 O-O 8. Qc2
c5 9. Rd1 Qa5 10. Nd2 cxd4 11. exd4 dxc4 12. Nxc4 Qd8 13. Be2 Nb6 14. O-O Bd7
15. Ne5 Rc8 16. Qb3 Bc6 17. Nxc6 bxc6 18. Qc2 a5 19. a3 Qc7 20. Bg3 Qa7 21. Rd3
Rfd8 22. Rfd1 Bd6 23. Bh4 Be7 24. Rf3 Nbd5 25. Na4 Ne8 26. Bg3 Nd6 27. Nc5 Nf5
28. Be5 Bd6 29. Bd3 Nde7 30. Bxf5 Nxf5 31. Rfd3 1/2-1/2

[Event "44th Chess Olympiad Open 2022"]
[Site "Chennai"]
[Date "2022.08.02"]
[Round "5.1"]
[White "Erigaisi Arjun"]
[Black "Parligras, Mircea-Emilian"]
[Result "1-0"]
[WhiteElo "2689"]
[BlackElo "2576"]
[Annotator "RC"]
[PlyCount "91"]
[EventDate "2022.07.29"]
[EventType "team-tourn"]
[EventCountry "IND"]
[SourceTitle "playchess.com"]
[Source "ChessBase"]
[SourceQuality "1"]
[WhiteTeam "India"]
[BlackTeam "Romania"]
[WhiteTeamCountry "IND"]
[BlackTeamCountry "ROU"]

1. d4 Nf6 2. c4 e6 3. Nc3 Bb4 4. f3 d5 5. a3 Bxc3+ 6. bxc3 c6 7. e4 dxe4 8.
fxe4 e5 9. Nf3 Bg4 10. Qd3 Nbd7 11. dxe5 Nh5 12. Be2 O-O 13. O-O Qb6+ 14. Rf2
Rfe8 15. Be3 Qc7 16. c5 Bxf3 17. gxf3 Nxe5 18. Qc2 Ng6 19. Kh1 Nhf4 20. Bc4
Rad8 21. Rd1 Rxd1+ 22. Qxd1 Rd8 23. Rd2 Rxd2 24. Qxd2 Kf8 25. Bf2 h5 26. h4 Ne6
27. Kg2 Ngf4+ 28. Kf1 Qe5 29. Qd6+ Qxd6 30. cxd6 b6 31. Bg3 f6 32. Kf2 Ke8 33.
Ke3 Ng2+ 34. Kf2 Ngf4 35. Bf1 Kd7 36. Ke3 g5 37. hxg5 fxg5 38. e5 h4 39. Bh2 b5
40. Ke4 Nd5 41. Bh3 Nxc3+ 42. Kf5 Nd4+ 43. Kxg5+ Kd8 44. Bg4 a5 45. e6 Nd5 46.
Be5 1-0

[Event "44th Chess Olympiad Open 2022"]
[Site "Chennai"]
[Date "2022.08.02"]
[Round "5.1"]
[White "Lupulescu, Constantin"]
[Black "Vidit, Santosh Gujrathi"]
[Result "1/2-1/2"]
[WhiteElo "2628"]
[BlackElo "2714"]
[Annotator "TA"]
[PlyCount "62"]
[EventDate "2022.07.29"]
[EventType "team-tourn"]
[EventCountry "IND"]
[SourceTitle "playchess.com"]
[Source "ChessBase"]
[SourceQuality "1"]
[WhiteTeam "Romania"]
[BlackTeam "India"]
[WhiteTeamCountry "ROU"]
[BlackTeamCountry "IND"]

1. d4 Nf6 2. c4 e6 3. Nc3 Bb4 4. e3 O-O 5. Bd3 d5 6. cxd5 exd5 7. a3 Bd6 8. Qc2
c6 9. Nge2 Re8 10. O-O Nbd7 11. b4 b6 12. Bd2 Nf8 13. Nf4 Ng6 14. Nce2 Bd7 15.
a4 Qe7 16. a5 Ne4 17. Be1 Bxf4 18. Nxf4 Nxf4 19. exf4 Qf6 20. axb6 axb6 21.
Rxa8 Rxa8 22. Bxe4 dxe4 23. Qxe4 Bf5 24. Qe3 Qg6 25. Bc3 Be4 26. f3 Bd5 27. Ra1
Rxa1+ 28. Bxa1 Qb1+ 29. Kf2 Qc2+ 30. Qe2 Qxe2+ 31. Kxe2 f5 1/2-1/2

[Event "44th Chess Olympiad Open 2022"]
[Site "Chennai"]
[Date "2022.08.02"]
[Round "5.1"]
[White "Jianu, Vlad-Cristian"]
[Black "Narayanan.S.L"]
[Result "1/2-1/2"]
[WhiteElo "2511"]
[BlackElo "2659"]
[Annotator "RC"]
[PlyCount "63"]
[EventDate "2022.07.29"]
[EventType "team-tourn"]
[EventCountry "IND"]
[SourceTitle "playchess.com"]
[Source "ChessBase"]
[SourceQuality "1"]
[WhiteTeam "Romania"]
[BlackTeam "India"]
[WhiteTeamCountry "ROU"]
[BlackTeamCountry "IND"]

1. d4 Nf6 2. Nf3 d5 3. c4 e6 4. Nc3 Bb4 5. Bg5 h6 6. Bxf6 Qxf6 7. e3 O-O 8. Qb3
c5 9. cxd5 exd5 10. dxc5 Bxc3+ 11. Qxc3 Qxc3+ 12. bxc3 Nd7 13. Rd1 Nxc5 14.
Rxd5 b6 15. Rd4 Be6 16. Bc4 Rac8 17. O-O Bxc4 18. Rxc4 b5 19. Rb4 a6 20. Nd4
Na4 21. c4 Rxc4 22. Rxc4 bxc4 23. Rb1 Rc8 24. Kf1 c3 25. Rb4 Nb2 26. Ne2 Nc4
27. Nxc3 Nxe3+ 28. fxe3 Rxc3 29. Ra4 Rxe3 30. Rxa6 h5 31. Kf2 Rc3 32. h4
1/2-1/2